Tribhuvan University Central Library

An introduction to social psychology (Record no. 56874)

MARC details
000 -LEADER
fixed length control field 00614 a2200217 4500
041 ## - LANGUAGE CODE
Language code of text/sound track or separate title Eng.
082 ## - DEWEY DECIMAL CLASSIFICATION NUMBER
Classification number 150
Item number D515i
100 ## - MAIN ENTRY--PERSONAL NAME
Personal name Dewey, Richard Sanford
100 ## - MAIN ENTRY--PERSONAL NAME
Personal name Humber, W. J.
245 ## - TITLE STATEMENT
Title An introduction to social psychology
260 ## - PUBLICATION, DISTRIBUTION, ETC.
Place of publication, distribution, etc. New York
Name of publisher, distributor, etc. Macmillan
Date of publication, distribution, etc. 1966
300 ## - PHYSICAL DESCRIPTION
Extent xiii, 674p. illus.
500 ## - GENERAL NOTE
General note First published in 1951 under title: The development of human behavior
504 ## - BIBLIOGRAPHY, ETC. NOTE
Bibliography, etc. note Includes bibliographies
650 ## - SUBJECT ADDED ENTRY--TOPICAL TERM
Topical term or geographic name entry element Social psychology
9 (RLIN) 527
650 ## - SUBJECT ADDED ENTRY--TOPICAL TERM
Topical term or geographic name entry element Minorities
9 (RLIN) 622
650 ## - SUBJECT ADDED ENTRY--TOPICAL TERM
Topical term or geographic name entry element Personality
9 (RLIN) 529
650 ## - SUBJECT ADDED ENTRY--TOPICAL TERM
Topical term or geographic name entry element Adolescence
653 ## - INDEX TERM--UNCONTROLLED
Uncontrolled term Psychology
942 ## - ADDED ENTRY ELEMENTS (KOHA)
Source of classification or shelving scheme Dewey Decimal Classification
Koha item type General Collections
Holdings
Withdrawn status Lost status Source of classification or shelving scheme Damaged status Not for loan Home library Current library Date acquired Total Checkouts Full call number Barcode Date last seen Price effective from Koha item type
    Dewey Decimal Classification     Tribhuvan University Central Library Tribhuvan University Central Library 02/09/2011   150 D515i 52451 02/09/2011 02/09/2011 General Collections